Score 0/50 Timer 07:00
0 Plays Today
Hint Answer % Correct
Flag ColorRed
95.9%
Flag ColorBlue
95.4%
Flag ColorWhite
94.7%
Flag ColorYellow
92.5%
Capital CityManila
91.8%
Nationality (Demonym)Philippine
85.1%
Internet Country Code.ph
84.4%
Largest CityManila
83.9%
Official LanguageFilipino (Tagalog)
81.5%
Bordering OceanPacific Ocean
80.7%
Official LanguageEnglish
75.8%
Largest ReligionCatholicism
74.9%
Independence FromSpain
74.5%
Age of Suffrage (for national elections)18
74.1%
Primary ContinentAsia
70.3%
Drives on the....Right
67.1%
Former Official LanguageSpanish
65.4%
CurrencyPhilippine Peso (PHP)
65.1%
Principal Bordering SeaSouth China Sea
62.4%
Official NameRep. of the Philippines
61.9%
PresidentRodrigo Duterte
59.5%
Three Main Regions/Island GroupingsLuzon
58.3%
Second Largest CityCebu City
56.5%
Principal Bordering SeaPhilippine Sea
55.5%
Age of Suffrage (for married couples/municipal elections)16
54.5%
Hint Answer % Correct
First Female PresidentCorazon Aquino
54.4%
Explorer Who Found the IslandsFerdinand Magellan
51.6%
Famous Boxer and PoliticianManny Pacquiao
51.5%
Former First Lady Who Owned ~3,000 Pairs of ShoesImelda Marcos
51.1%
Three Main Regions/Island GroupingsMindanao
48.5%
Estimated # of Islands (to the nearest 1,000, at low tide)7,000
45.8%
National Pastime (Sport)Basketball
45.1%
National HeroJosé Rizal
41.1%
National Anthem'Chosen Land'
40.8%
Three Main Regions/Island GroupingsVisayas
39.8%
National BirdPhilippine Eagle
39.5%
Volcano that erupted in 1991Mount Pinatubo
39.2%
Independence DayJune 12, 1898
37.5%
_______ Death March (WWII)Bataan
35.6%
Third Largest CityDavao City
34.3%
Country Calling Code+63
32%
Year of the People Power Revolution1986
31.8%
Official Residence of the PresidentMalacañang Palace
29.9%
Island Where MacArthur ReturnedLeyte
26.5%
Principal Bordering SeaCelebes Sea
22.3%
Fourth Largest CityCagayan de Oro
17.8%
Principal Bordering SeaSulu Sea
17%
NicknamePearl of the Orient Seas
16.7%
Estimated Coastline (nearest 1,000 km)36,000
14%
Official Motto (in English)For God, People, Nature, and Country
9.2%

You're not logged in!

Compare scores with friends on all Sporcle quizzes.
OR
Log In

Sporcle TV

Today on Sporcle TV


Watch our educational content, quiz creation guides, and fun videos on Sporcle TV.

Show Comments

Extras

Top Quizzes Today


Score Distribution

Paid Content

Your Account Isn't Verified!

In order to create a playlist on Sporcle, you need to verify the email address you used during registration. Go to your Sporcle Settings to finish the process.

Report this User

Report this user for behavior that violates our Community Guidelines.

Details: